Porque é que os animais não conduzem (Registo nº 56335)

Detalhes MARC
000 -Etiqueta do registo
campo de controlo de comprimento fixo 005170000a22001690004500
001 - Identificador do registo
Campo de controlo 56335
100 ## - Dados Gerais de Proc.
Dados gerais de processamento 20140512d2014 k y0pory5003 ba
101 0# - Língua da publicação
Língua do texto, banda sonora, etc. Português
102 ## - País de Publicação
País de publicação Portugal
200 1# - Título
Título próprio Porque é que os animais não conduzem
Primeira menção de responsabilidade Pedro Seromenho
Outras menções de responsabilidade Pedro Seromenho
210 ## - Publicação, Distribuição
Lugar da edição, distribuição, etc. Braga
Nome do editor, distribuidor, etc. Paleta de Letras
Data da publicação, distribuição, etc. 2013
215 ## - Descrição física
Descrição física 27[2] p.
700 #1 - Responsabilidade principal
Palavra de ordem Seromenho
Outra parte do nome Pedro
Datas 1975-
702 #1 - Responsabilidade secundária
Koha Internal Code 42202
Palavra de ordem Seromenho
Outra parte do nome Pedro
Datas 1975-
Código de função Ilustrador
090 ## - Números de controlo do sistema (Koha)
Número biblioitem do Koha (gerado automaticamente) 56335
942 ## - Elementos de entrada adicionados (Koha)
Tipo de item no Koha Monografias
Suprimido Disponível no OPAC
999 ## - Campo local
Campo local 56335
-- Bibliobase - BEBDMI
-- 2019-01-21
Exemplares
Perdido (estado) Data de aquisição Origem do registo (biblioteca) (codificado) Código da organização que empresta ou é detentora (biblioteca) Código de barras Cota Data de empréstimo ou depósito Tipo de circulação (não pode ser emprestado) Tipo de item e material
Disponível 2013-01-01 Biblioteca EB23 D. Manuel I Biblioteca EB23 D. Manuel I BEBDMI6188 I-4 SER 2025-06-09 Normal Monografias